Normal view
MARC view
Entry Personal Name
001 - CONTROL NUMBER
- control field: 107754
003 - CONTROL NUMBER IDENTIFIER
- control field: OSt
005 - DATE AND TIME OF LATEST TRANSACTION
- control field: 20230518102900.0
008 - FIXED-LENGTH DATA ELEMENTS
- fixed length control field: 230518|| aca||aabn | a|a d
040 ## - CATALOGING SOURCE
- Original cataloging agency: OSt
- Transcribing agency: OSt
100 ## - HEADING--PERSONAL NAME
- Personal name: GEE (James Paul)
670 ## - SOURCE DATA FOUND
- Source citation: Work cat.: (OSt)165031: GEE (James Paul)., Introduction to discourse analysis: theory and method Ed 3, 2012